| 000 | 00759nam a2200217 a 4500 | ||
|---|---|---|---|
| 001 | 000036101 | ||
| 005 | 20200930074858.0 | ||
| 008 | 111209s2004 dr a 000 0dspa d | ||
| 040 |
_aDO-SdBNP _bspa _cBNPHU |
||
| 082 |
_a759.7293 _bO96u |
||
| 245 | 0 | 0 |
_aOviedo : _búltima década 1994-2003 / _cRamón Oviedo. |
| 260 |
_aSanto Domingo : _bCentro Cultural de España, _c2004. |
||
| 300 |
_a81 p. ; _c28 cm. |
||
| 590 | _aInventariado, 2018/LP | ||
| 600 | 1 | 4 |
_aOVIEDO, RAMÓN, _d1924- _xCRÍTICA E INTERPRETACIÓN _962139 |
| 650 | 4 |
_aPintores dominicanos _911660 |
|
| 650 | 4 |
_aArte dominicano _xExposiciones _954101 |
|
| 650 | 4 |
_aPintura dominicana _xExposiciones _955174 |
|
| 710 | 2 |
_aFundación Ramón Oviedo _962140 |
|
| 910 | _aValidado. Control de calidad EMS | ||
| 999 |
_c35592 _d35592 |
||